00648nam a2200181Ia 4500003000500000005001700005008004100022020003500063040001400098082001200112100003000124245008200154260003500236300002300271942003400294999001900328952011900347322820250620083749.0210817s9999 xx e 000 1 AFR d a9780799340389qHardcover (hbk) aRDAc3228 aAF BURG aBurgers, Elizabeth942284 0aLiefde in die weegskaal /cElizabeth Burgers; Omslagontwerp: Douw van Heerden aPretoriabKeurbiblioteekc2008 a159 Pages;c21 cm. cBK2ddcy245zIzakina Blanche c245700d245699 00102ddc40708FaJERELbJERELcFICd2021-08-18oAF BURGp33228022909004r2022-04-19w2021-08-18yBKz0940096466